| 000 | 00472nam a2200169Ia 4500 | ||
|---|---|---|---|
| 999 |
_c6223 _d6223 |
||
| 003 | OSt | ||
| 005 | 20200113123527.0 | ||
| 008 | 190216s9999||||xx |||||||||||||| ||und|| | ||
| 020 | _a8126104643 | ||
| 040 | _coclc | ||
| 082 |
_a380.03 _bANM/A |
||
| 245 | 0 | _aAdvanced Learner's Dictionary Of Commerce | |
| 260 |
_bAnmol Publications, _c2000. _aNew Delhi : |
||
| 300 | _a222p | ||
| 650 | _aCommerce | ||
| 942 |
_cREF _2ddc _h380.03 _iANM/A _k380.03 _mANM/A |
||